NFL: Who drafted me? - Statistics

General Stats
  • This quiz has been taken 2,358 times
  • The average score is 19 of 35
Answer Stats
Player Team % Correct
Michael Vick Falcons
97%
Randy Moss Vikings
96%
Eli Manning Chargers
91%
Drew Brees Chargers
85%
Marshawn Lynch Bills
83%
Jarvis Landry Dolphins
77%
Tony Gonzalez Chiefs
74%
Teddy Bridgewater Vikings
70%
Brett Favre Falcons
69%
Brandin Cooks Saints
69%
Michael Crabtree 49ers
67%
Golden Tate lll Seahawks
66%
Vernon Davis 49ers
61%
Alshon Jeffery Bears
59%
Allen Robinson Jaguars
59%
Emmanuel Sanders Steelers
57%
Marcus Peters Chiefs
55%
Jeremy Shockey Giants
55%
Martavis Bryant Steelers
51%
NaVorro Bowman 49ers
47%
CJ Anderson Broncos
45%
Malcolm Jenkins Saints
44%
Champ Bailey Redskins
43%
Kenny Stills Saints
42%
Kyle Orton Bears
37%
Sheldon Richardson Jets
36%
Ted Ginn Jr. Dolphins
33%
Aqib Talib Buccaneers
32%
Marvin Jones Jr. Bengals
30%
Tyrod Taylor Ravens
30%
Delanie Walker 49ers
23%
Brandon LaFell Panthers
20%
Alex Collins Seahawks
20%
Trent Brown 49ers
18%
Wesley Woodyard Broncos
13%
No matching quizzes found
Score Distribution
Percent of People with Each Score
Percentile by Number Answered
Your Score History
You have not taken this quiz